Vlastnické právo v SSSR

Salvato in:
Dettagli Bibliografici
Natura: Libro
Lingua:ceco
Pubblicazione: Praha Orbis 1947
Tags: Aggiungi Tag
Nessun Tag, puoi essere il primo ad aggiungerne!!

MARC

LEADER 00000nam a2200000 4500
001 0268989
005 20240822101713.9
041 0 |a cze 
044 |a -CS 
245 1 0 |a Vlastnické právo v SSSR  |c přeložil: A. Ševčík 
264 1 |a Praha  |b Orbis  |c 1947